00783cam a2200253 a 450000100100000000500170001000800410002703500200006803500190008804000370010704200120014405000160015608200210017210000350019324500650022825000110029326000400030430000210034449000190036550400560038465100340044065100360047483000190051000001866720200929165834.0800215s1969 sp b 001 0 spa d a(DLC)a 53005400 a(OCoLC)5987921 aDO-SdBNPcPLFdOCoLCdDLCdBNPHU apremarc00aDP48b.D533 annnbD542v, 19691 aDíaz Plaja, Fernando,d1918-13aLa vida española en el siglo XIX /cFernando Díaz Plaja. a2a ed. aMadrid :bPrensa Española,c1969. a271 p. ;c26 cm.1 aLos tres dados aIncluye bibliografía al final de cada capítulo. 0aSpainxHistoryy19th century. 0aSpainxSocial Life And Customs. 0aLos tres dados